000 00959nam0a22002771 4500
001 rc\780170
005 20250622131204.0
035 _a(NLR Aleph) 006306116
090 _a7302547
_c7302547
100 _a20040301d1983 |||y0rusy50 ca
101 0 _arus
102 _aRU
105 _aa |||||||||
200 1 _aРусский язык
_eУчеб. для 1 кл. арм. шк.
_fН.А. Байбуртян, И.М. Геодакян, С.И. Корнейчук
205 _a2-е изд.
210 _aЕреван
_cЛуйс
_d1983
215 _a168 с.
_cил.
_d22
300 _aНа пер. авт. не указаны
700 1 _aБайбуртян
_bН.А.
_gНазели Арамаисовна
701 1 _aГеодакян
_bИ.М.
_gИрина Мушеговна
701 1 _aКорнейчук
_bС.И.
_gСофья Ильинична
801 0 _aRU
_bNLR
_gpsbo
801 1 _aRU
_bELAR
_2rusmarc
852 _aNLR
_j83-5/5133
942 _cBOOK
980 _aNB